Größte Städte im Regierungsbezirk Arnsberg - Statistiken

Allgemein
  • Dieses Quiz wurde 127 mal gespielt
  • Das Durchschnittsergebnis liegt bei 14 aus 20
Antwortstatistiken
Einwohner Stadt % Korrekt
586,852 Dortmund
98%
188,713 Hagen
94%
363,441 Bochum
92%
73,423 Arnsberg
89%
179,238 Hamm
87%
156,621 Herne
80%
91,873 Iserlohn
80%
58,911 Unna
80%
101,516 Siegen
77%
47,929 Soest
76%
71,230 Lüdenscheid
70%
95,107 Witten
66%
85,721 Lünen
60%
68,007 Lippstadt
55%
46,240 Schwerte
55%
42,544 Kamen
51%
48,669 Bergkamen
48%
54,061 Hattingen
41%
52,096 Menden
41%
33,708 Hemer
33%
Keine übereinstimmenden Quizze gefunden
Verteilung der Resultate
Anzahl Personen mit jedem Resultat
Perzentil nach korrekt beantworteten Fragen
Ihre Resultats-Entwicklung
Sie haben dieses Quiz noch nicht gespielt